00564nam a2200193 a 450000100060000000300080000600500170001400800410003103500190007204000270009104100110011808200290012910000180015824500960017626000320027230000270030465000200033170000190035150223BD-RJUL20211209075457.0160824s1974 enka 000 1 eng d a(BD-RJUL)50343 aCUScCUSdBD-RJULbeng1 aengrus 223a398.210947bBAM 197410aBazhov, Pavel14aThe mistress of the Copper Mountain :btales from the Urals /cPavel Bazhov ; James Riordan aLondon :bF. Muller,cc1974 a85 p. :bill. ;c23 cm aTales zRussia  aRiordan James